[Event "ROM-ch"]
[Site "Targoviste"]
[Date "2001.11.25"]
[Round "2"]
[White "Navrotescu , Catalin"]
[Black "Parligras, Mircea Emilian"]
[Result "1/2-1/2"]
[WhiteElo "2435"]
[BlackElo "2431"]
[PlyCount "43"]
[EventDate "2001.11.23"]
[EventType "tourn"]
[EventRounds "15"]
[EventCountry "ROM"]
[EventCategory "9"]
[Source "ChessBase"]
[SourceDate "2002.03.21"]

1. d4 Nf6 2. c4 e6 3. Nc3 Bb4 4. e3 c5 5. Bd3 Nc6 6. Nf3 Bxc3+ 7. bxc3 d6 8.
Nd2 O-O 9. O-O e5 10. d5 Ne7 11. Qc2 Bd7 12. a4 Qc8 13. Re1 Ng6 14. Nf1 Ne8 15.
e4 f5 16. exf5 Bxf5 17. Bxf5 Qxf5 18. Qxf5 Rxf5 19. Ng3 Rf7 20. Ne4 b6 21. Rb1
Rd8 22. Rb2 1/2-1/2

[Event "ROM-ch"]
[Site "Targoviste"]
[Date "2001.11.26"]
[Round "3"]
[White "Lupulescu, Constantin"]
[Black "Navrotescu , Catalin"]
[Result "1-0"]
[WhiteElo "2467"]
[BlackElo "2435"]
[PlyCount "47"]
[EventDate "2001.11.23"]
[EventType "tourn"]
[EventRounds "15"]
[EventCountry "ROM"]
[EventCategory "9"]
[Source "ChessBase"]
[SourceDate "2002.03.21"]

1. e4 c5 2. Nf3 Nc6 3. d4 cxd4 4. Nxd4 Nf6 5. Nc3 d6 6. Bc4 e6 7. Be3 Be7 8.
Bb3 O-O 9. Qe2 a6 10. O-O-O Nd7 11. Kb1 Nxd4 12. Bxd4 b5 13. f4 b4 14. Na4 Qc7
15. f5 e5 16. Bf2 Bb7 17. g4 Bc6 18. g5 Bxg5 19. Rhg1 Bf6 20. Rg3 Rfc8 21. Rdg1
Qd8 22. Qh5 Qe7 23. Qh6 Qf8 24. Rh3 1-0

[Event "ROM-ch"]
[Site "Targoviste"]
[Date "2001.11.27"]
[Round "4"]
[White "Navrotescu , Catalin"]
[Black "Sofronie, Iulian"]
[Result "1/2-1/2"]
[WhiteElo "2435"]
[BlackElo "2473"]
[PlyCount "22"]
[EventDate "2001.11.23"]
[EventType "tourn"]
[EventRounds "15"]
[EventCountry "ROM"]
[EventCategory "9"]
[Source "ChessBase"]
[SourceDate "2002.03.21"]

1. d4 d6 2. e4 g6 3. f4 Bg7 4. Nf3 c5 5. d5 e6 6. c4 exd5 7. cxd5 Nf6 8. Nc3
O-O 9. Be2 a6 10. a4 Re8 11. Nd2 Ng4 1/2-1/2

[Event "ROM-ch"]
[Site "Targoviste"]
[Date "2001.11.29"]
[Round "6"]
[White "Navrotescu , Catalin"]
[Black "Tugui, Adrian"]
[Result "0-1"]
[WhiteElo "2435"]
[BlackElo "2337"]
[PlyCount "78"]
[EventDate "2001.11.23"]
[EventType "tourn"]
[EventRounds "15"]
[EventCountry "ROM"]
[EventCategory "9"]
[Source "ChessBase"]
[SourceDate "2002.03.21"]

1. d4 Nf6 2. c4 c5 3. d5 d6 4. Nc3 e5 5. e4 Be7 6. h3 O-O 7. Nf3 Nbd7 8. Be3
Ne8 9. Bd3 a6 10. a3 g6 11. Qc2 Ng7 12. g4 Rb8 13. O-O-O Nf6 14. b4 cxb4 15.
axb4 a5 16. bxa5 Qxa5 17. Kb2 Nd7 18. Ra1 Qd8 19. Rhg1 b6 20. h4 Nc5 21. h5 Bd7
22. Be2 Ra8 23. Rxa8 Qxa8 24. Ra1 Qc8 25. Nh2 f5 26. hxg6 hxg6 27. gxf5 gxf5
28. Rg1 f4 29. Bd2 Bh4 30. Be1 Qa6 31. Nf3 Ra8 32. Kc1 Qa1+ 33. Kd2 Ra3 34.
Nxh4 Rxc3 35. Qxc3 Nxe4+ 36. Kd3 Nxc3 37. Rxg7+ Kxg7 38. Bxc3 Qb1+ 39. Kd2 Ba4
0-1

[Event "ROM-ch"]
[Site "Targoviste"]
[Date "2001.11.30"]
[Round "7"]
[White "Badea Takacs, Bela"]
[Black "Navrotescu , Catalin"]
[Result "1/2-1/2"]
[WhiteElo "2530"]
[BlackElo "2435"]
[PlyCount "22"]
[EventDate "2001.11.23"]
[EventType "tourn"]
[EventRounds "15"]
[EventCountry "ROM"]
[EventCategory "9"]
[Source "ChessBase"]
[SourceDate "2002.03.21"]

1. Nf3 Nf6 2. g3 g6 3. Bg2 Bg7 4. O-O O-O 5. d4 d5 6. c4 c6 7. cxd5 cxd5 8. Nc3
Nc6 9. Bf4 Bf5 10. Ne5 Nxe5 11. Bxe5 Rc8 1/2-1/2

[Event "ROM-ch"]
[Site "Targoviste"]
[Date "2001.12.02"]
[Round "8"]
[White "Manolache, Marius"]
[Black "Navrotescu , Catalin"]
[Result "1/2-1/2"]
[WhiteElo "2394"]
[BlackElo "2435"]
[PlyCount "49"]
[EventDate "2001.11.23"]
[EventType "tourn"]
[EventRounds "15"]
[EventCountry "ROM"]
[EventCategory "9"]
[Source "ChessBase"]
[SourceDate "2002.03.21"]

1. d4 Nf6 2. c4 c5 3. d5 b5 4. cxb5 a6 5. bxa6 g6 6. Nc3 Bxa6 7. e4 Bxf1 8.
Kxf1 d6 9. g4 Bg7 10. Kg2 Nbd7 11. h3 O-O 12. Nge2 Qa5 13. Bf4 Nb6 14. b3 Nfd7
15. Rc1 Ne5 16. Rc2 Rfc8 17. Qd2 Qb4 18. Rb1 Nbd7 19. Be3 Nf6 20. f3 Ne8 21.
Bg5 Kf8 22. Bh6 Nf6 23. Bf4 Ne8 24. Bh6 Nf6 25. Bf4 1/2-1/2

[Event "ROM-ch"]
[Site "Targoviste"]
[Date "2001.12.03"]
[Round "9"]
[White "Navrotescu , Catalin"]
[Black "Berescu, Alin Mile"]
[Result "1/2-1/2"]
[WhiteElo "2435"]
[BlackElo "2422"]
[PlyCount "60"]
[EventDate "2001.11.23"]
[EventType "tourn"]
[EventRounds "15"]
[EventCountry "ROM"]
[EventCategory "9"]
[Source "ChessBase"]
[SourceDate "2002.03.21"]

1. d4 Nf6 2. c4 e6 3. Nf3 c5 4. d5 exd5 5. cxd5 d6 6. Nc3 g6 7. g3 Bg7 8. Bg2
O-O 9. O-O a6 10. a4 Nbd7 11. Bf4 Qc7 12. Rc1 Nh5 13. Bd2 Ne5 14. Nxe5 Bxe5 15.
b4 c4 16. Be3 f5 17. a5 Bd7 18. Bb6 Qb8 19. e3 Bb5 20. f4 Bxc3 21. Rxc3 Nf6 22.
g4 Ne4 23. Bxe4 fxe4 24. Bd4 Qe8 25. Rf2 Qf7 26. Rd2 Rac8 27. g5 Qf5 28. Bf6
Rc7 29. Rg2 h5 30. Qd4 Rfc8 1/2-1/2

[Event "ROM-ch"]
[Site "Targoviste"]
[Date "2001.12.04"]
[Round "10"]
[White "Grunberg, Mihai Lucian"]
[Black "Navrotescu , Catalin"]
[Result "1/2-1/2"]
[WhiteElo "2472"]
[BlackElo "2435"]
[PlyCount "24"]
[EventDate "2001.11.23"]
[EventType "tourn"]
[EventRounds "15"]
[EventCountry "ROM"]
[EventCategory "9"]
[Source "ChessBase"]
[SourceDate "2002.03.21"]

1. Nf3 d5 2. d4 Nf6 3. g3 c6 4. Bg2 Bg4 5. O-O e6 6. b3 Nbd7 7. Bb2 Be7 8. c4
Qb8 9. a4 a5 10. h3 Bh5 11. g4 Bg6 12. e3 Ne4 1/2-1/2

[Event "ROM-ch"]
[Site "Targoviste"]
[Date "2001.12.05"]
[Round "11"]
[White "Navrotescu , Catalin"]
[Black "Moldovan , Daniel"]
[Result "1/2-1/2"]
[WhiteElo "2435"]
[BlackElo "2450"]
[PlyCount "24"]
[EventDate "2001.11.23"]
[EventType "tourn"]
[EventRounds "15"]
[EventCountry "ROM"]
[EventCategory "9"]
[Source "ChessBase"]
[SourceDate "2002.03.21"]

1. d4 d6 2. c4 e5 3. Nc3 exd4 4. Qxd4 Nc6 5. Qd2 Nf6 6. b3 a5 7. Bb2 a4 8. Nd5
Be7 9. Nf3 a3 10. Bxf6 Bxf6 11. Nxf6+ Qxf6 12. Rd1 Bg4 1/2-1/2

[Event "ROM-ch"]
[Site "Targoviste"]
[Date "2001.12.06"]
[Round "12"]
[White "Jianu, Vlad Cristian"]
[Black "Navrotescu , Catalin"]
[Result "1/2-1/2"]
[WhiteElo "2397"]
[BlackElo "2435"]
[PlyCount "45"]
[EventDate "2001.11.23"]
[EventType "tourn"]
[EventRounds "15"]
[EventCountry "ROM"]
[EventCategory "9"]
[Source "ChessBase"]
[SourceDate "2002.03.21"]

1. d4 Nf6 2. c4 c5 3. d5 b5 4. cxb5 a6 5. bxa6 g6 6. Nc3 Bxa6 7. e4 Bxf1 8.
Kxf1 d6 9. Nf3 Bg7 10. h3 O-O 11. Kg1 Nbd7 12. Kh2 Qa5 13. Re1 Rfb8 14. Qc2 Nb6
15. Nd1 c4 16. Bd2 Qa4 17. Qc1 Nbd7 18. Nc3 Qb4 19. Nd1 Qa4 20. Nc3 Qb4 21. Nd1
Qa4 22. Nc3 Qb4 23. Nd1 1/2-1/2

[Event "ROM-ch"]
[Site "Targoviste"]
[Date "2001.12.07"]
[Round "13"]
[White "Navrotescu , Catalin"]
[Black "Itkis, Boris"]
[Result "1/2-1/2"]
[WhiteElo "2435"]
[BlackElo "2472"]
[PlyCount "80"]
[EventDate "2001.11.23"]
[EventType "tourn"]
[EventRounds "15"]
[EventCountry "ROM"]
[EventCategory "9"]
[Source "ChessBase"]
[SourceDate "2002.03.21"]

1. d4 Nf6 2. c4 e6 3. Nc3 d5 4. Bg5 Nbd7 5. e3 h6 6. Bh4 Be7 7. Nf3 O-O 8. Rc1
Re8 9. Bd3 dxc4 10. Bxc4 a6 11. a4 c5 12. O-O cxd4 13. exd4 Nb6 14. Bb3 Bd7 15.
Ne5 Bc6 16. a5 Nbd5 17. Nxc6 bxc6 18. Nxd5 Nxd5 19. Bxe7 Nxe7 20. Ba4 Qxa5 21.
Bxc6 Nxc6 22. Rxc6 Qb4 23. Qe2 Qxd4 24. Rxa6 Rxa6 25. Qxa6 Qxb2 26. Rd1 g5 27.
h3 Qc2 28. Qd3 Rc8 29. Qxc2 Rxc2 30. Rd4 Kg7 31. h4 Kg6 32. hxg5 Kxg5 33. g3 f5
34. Rd8 e5 35. Rg8+ Kf6 36. Rf8+ Kg6 37. Re8 e4 38. g4 f4 39. Rxe4 Kg5 40. Re6
Kxg4 1/2-1/2

[Event "ROM-ch"]
[Site "Targoviste"]
[Date "2001.12.08"]
[Round "14"]
[White "Vasiesiu, Dan"]
[Black "Navrotescu , Catalin"]
[Result "1/2-1/2"]
[WhiteElo "2440"]
[BlackElo "2435"]
[PlyCount "84"]
[EventDate "2001.11.23"]
[EventType "tourn"]
[EventRounds "15"]
[EventCountry "ROM"]
[EventCategory "9"]
[Source "ChessBase"]
[SourceDate "2002.03.21"]

1. e4 e6 2. d4 d5 3. Nc3 dxe4 4. Nxe4 Bd7 5. Nf3 Bc6 6. Bd3 Nd7 7. O-O Ngf6 8.
Ned2 Be7 9. c3 O-O 10. Qe2 Bd5 11. Ne5 c5 12. c4 Bc6 13. Nxc6 bxc6 14. Nb3 cxd4
15. Nxd4 Qb6 16. Nf3 Bc5 17. Rb1 a5 18. b3 e5 19. Bf5 Rfe8 20. Be3 e4 21. Ng5
h6 22. Bxd7 Nxd7 23. Rbd1 Nf6 24. Nh3 Rad8 25. Kh1 Bxe3 26. fxe3 Rxd1 27. Rxd1
a4 28. bxa4 Ra8 29. Nf2 Qb4 30. h3 Qxa4 31. Rd2 Qa3 32. Nd1 Qc5 33. Rd4 Qe5 34.
Qb2 Qg3 35. Qd2 Kh7 36. Nc3 Rb8 37. Qc2 Re8 38. Qe2 Qe5 39. Qc2 g6 40. Kg1 Kg7
41. Rd1 Rb8 42. Rb1 Rd8 1/2-1/2

[Event "2nd IM"]
[Site "Saint Lo FRA"]
[Date "2001.07.07"]
[Round "1"]
[White "Derieux, C."]
[Black "Navrotescu , Catalin"]
[Result "0-1"]
[WhiteElo "2264"]
[BlackElo "2478"]
[PlyCount "70"]
[EventDate "2001.07.07"]
[EventType "tourn"]
[Source "Mark Crowther"]
[SourceDate "2001.07.23"]

1. d4 Nf6 2. c4 g6 3. Nc3 Bg7 4. e4 d6 5. Nge2 Nbd7 6. Ng3 e5 7. d5 a5 8. Be2
Nc5 9. h4 h5 10. Bg5 Bh6 11. Qd2 Bxg5 12. hxg5 Nh7 13. Nxh5 Rg8 14. Ng3 Nxg5
15. O-O-O Qf6 16. Nb5 Kd8 17. f3 Bd7 18. Nc3 b6 19. Rh6 Kc8 20. Rdh1 Kb7 21.
R1h5 Qg7 22. Rh2 f6 23. f4 exf4 24. Qxf4 Rae8 25. Kb1 Qe7 26. Bf3 f5 27. exf5
Qe1+ 28. Bd1 Re3 29. Qxg5 Rxg3 30. Qc1 Bxf5+ 31. Bc2 Bxc2+ 32. Kxc2 Rxc3+ 33.
bxc3 Qe4+ 34. Kd2 Rf8 35. Rh1 Rf2+ 0-1

[Event "2nd IM"]
[Site "Saint Lo FRA"]
[Date "2001.07.08"]
[Round "2"]
[White "Navrotescu , Catalin"]
[Black "Salaun, Y."]
[Result "0-1"]
[WhiteElo "2478"]
[BlackElo "2405"]
[PlyCount "80"]
[EventDate "2001.07.07"]
[EventType "tourn"]
[Source "Mark Crowther"]
[SourceDate "2001.07.23"]

1. d4 Nf6 2. c4 e6 3. Nf3 b6 4. g3 Ba6 5. b3 d5 6. Bg2 c5 7. O-O Nc6 8. Nc3 Rc8
9. cxd5 exd5 10. Bg5 Be7 11. Rc1 O-O 12. dxc5 d4 13. Na4 b5 14. Nb2 h6 15. Bxf6
Bxf6 16. Nd3 b4 17. Nd2 Bb5 18. Nc4 Bxc4 19. Rxc4 a5 20. Bxc6 Rxc6 21. Qd2 Re8
22. a3 bxa3 23. Ra1 Bg5 24. f4 Rce6 25. Rc2 Bf6 26. Rxa3 Qd5 27. Qxa5 Qe4 28.
Qd2 h5 29. Qc1 h4 30. Qf1 hxg3 31. hxg3 Qg6 32. Qg2 Re3 33. g4 Rxd3 34. exd3
Re1+ 35. Kh2 Qh6+ 36. Qh3 Qxf4+ 37. Qg3 Qh6+ 38. Qh3 Rh1+ 39. Kxh1 Qxh3+ 40.
Kg1 Qxg4+ 0-1

[Event "2nd IM"]
[Site "Saint Lo FRA"]
[Date "2001.07.09"]
[Round "3"]
[White "Mullon, Jean Baptiste"]
[Black "Navrotescu , Catalin"]
[Result "0-1"]
[WhiteElo "2311"]
[BlackElo "2478"]
[PlyCount "92"]
[EventDate "2001.07.07"]
[EventType "tourn"]
[Source "Mark Crowther"]
[SourceDate "2001.07.23"]

1. e4 c5 2. Nf3 Nc6 3. d4 cxd4 4. Nxd4 Nf6 5. Nc3 d6 6. Bg5 Bd7 7. Qd2 Rc8 8.
f4 h6 9. Bxf6 gxf6 10. Nf5 Qa5 11. Bd3 e6 12. Ne3 Nb4 13. O-O Nxd3 14. Qxd3 Be7
15. Kh1 Qc5 16. Rad1 Bc6 17. f5 b5 18. a3 h5 19. Rde1 Kd8 20. e5 fxe5 21. fxe6
fxe6 22. Qg6 Kd7 23. Ne4 Bxe4 24. Qxe4 Qc6 25. Qg6 Rcg8 26. Qf7 Rf8 27. Qg6 h4
28. Rxf8 Rxf8 29. h3 Rf2 30. Qd3 Kc7 31. Qh7 Qd7 32. Kg1 Rf4 33. Ng4 Bg5 34.
Qg8 Bd8 35. Rd1 Qe7 36. Qh8 Kb7 37. Kh1 Bb6 38. Qh5 a6 39. Kh2 e4 40. Qh6 Rf5
41. Ne3 Rf2 42. b3 d5 43. c4 Bc7+ 44. Kh1 Bf4 45. Qh5 Bxe3 46. cxd5 Qg7 0-1

[Event "2nd IM"]
[Site "Saint Lo FRA"]
[Date "2001.07.10"]
[Round "4"]
[White "Navrotescu , Catalin"]
[Black "Coursaget, Nicolas"]
[Result "1-0"]
[WhiteElo "2478"]
[BlackElo "2236"]
[PlyCount "63"]
[EventDate "2001.07.07"]
[EventType "tourn"]
[Source "Mark Crowther"]
[SourceDate "2001.07.23"]

1. d4 d5 2. c4 c6 3. Nf3 Nf6 4. e3 e6 5. Bd3 dxc4 6. Bxc4 Nbd7 7. O-O b5 8. Bd3
a6 9. a4 b4 10. Nbd2 c5 11. a5 Bb7 12. Qe2 Be7 13. Nc4 Be4 14. Bxe4 Nxe4 15.
Nfe5 Nxe5 16. dxe5 h5 17. f3 Ng5 18. e4 f5 19. Bxg5 Bxg5 20. Nd6+ Kf8 21. exf5
exf5 22. f4 Be7 23. Nxf5 c4 24. Qxc4 Rc8 25. Qe4 g6 26. Rad1 Qxa5 27. Nxe7 Qb6+
28. Kh1 Kxe7 29. f5 Rhd8 30. f6+ Kf7 31. e6+ Qxe6 32. Qb7+ 1-0

[Event "2nd IM"]
[Site "Saint Lo FRA"]
[Date "2001.07.11"]
[Round "5"]
[White "Maze, Sebastien"]
[Black "Navrotescu , Catalin"]
[Result "1/2-1/2"]
[WhiteElo "2269"]
[BlackElo "2478"]
[PlyCount "34"]
[EventDate "2001.07.07"]
[EventType "tourn"]
[Source "Mark Crowther"]
[SourceDate "2001.07.23"]

1. Nf3 d6 2. g3 g6 3. Bg2 Bg7 4. O-O e5 5. d3 Nf6 6. c4 O-O 7. Nc3 Re8 8. Bg5
h6 9. Bxf6 Qxf6 10. Nd2 Qd8 11. Rb1 c6 12. Qc2 Be6 13. b4 d5 14. b5 f5 15. bxc6
bxc6 16. cxd5 cxd5 17. Nb5 Nd7 1/2-1/2

[Event "2nd IM"]
[Site "Saint Lo FRA"]
[Date "2001.07.12"]
[Round "6"]
[White "Navrotescu , Catalin"]
[Black "Aarthie, R."]
[Result "1/2-1/2"]
[WhiteElo "2478"]
[BlackElo "2249"]
[PlyCount "92"]
[EventDate "2001.07.07"]
[EventType "tourn"]
[Source "Mark Crowther"]
[SourceDate "2001.07.23"]

1. d4 Nf6 2. c4 g6 3. Nc3 Bg7 4. g3 O-O 5. Bg2 d6 6. Nf3 Nc6 7. d5 Na5 8. b3
Nxd5 9. Nxd5 c6 10. Ne3 Bxa1 11. Bd2 Bg7 12. b4 Nxc4 13. Nxc4 d5 14. Na5 e5 15.
e3 Qd6 16. Qc1 Rd8 17. O-O Rb8 18. Rd1 Bf5 19. Bc3 Qe7 20. Qa1 f6 21. Nd2 Rbc8
22. Nab3 b6 23. Re1 Be6 24. f4 Bf7 25. fxe5 fxe5 26. Nf3 Re8 27. Nc1 c5 28. Nd3
e4 29. Bxg7 exd3 30. Bf6 Qf8 31. Qd1 Be6 32. Ba1 Bf5 33. bxc5 bxc5 34. Qd2 Qd6
35. Qc3 d4 36. exd4 cxd4 37. Rxe8+ Rxe8 38. Nxd4 Qb6 39. Bd5+ Be6 40. Bxe6+
Rxe6 41. Kg2 Qb7+ 42. Kf2 Qe4 43. Nxe6 Qe2+ 44. Kg1 Qd1+ 45. Kg2 Qe2+ 46. Kg1
Qd1+ 1/2-1/2

[Event "2nd IM"]
[Site "Saint Lo FRA"]
[Date "2001.07.14"]
[Round "8"]
[White "Todorov, Todor"]
[Black "Navrotescu , Catalin"]
[Result "1/2-1/2"]
[WhiteElo "2432"]
[BlackElo "2478"]
[PlyCount "80"]
[EventDate "2001.07.07"]
[EventType "tourn"]
[Source "Mark Crowther"]
[SourceDate "2001.07.23"]

1. e4 c5 2. Nc3 Nc6 3. f4 g6 4. b3 Bg7 5. Bb2 d6 6. Bb5 Nf6 7. d3 Bd7 8. Nf3 a6
9. Bxc6 Bxc6 10. O-O O-O 11. Qe1 b5 12. Qh4 e6 13. g4 Nd7 14. Qh3 f5 15. gxf5
exf5 16. Ng5 Bd4+ 17. Kh1 Qe7 18. Nd5 Bxd5 19. Bxd4 fxe4 20. Bc3 b4 21. dxe4
Bxe4+ 22. Nxe4 Qxe4+ 23. Kg1 Qf5 24. Qxf5 Rxf5 25. Bb2 Re8 26. a3 a5 27. Rad1
Re2 28. Rxd6 Rxc2 29. Rb1 Nf6 30. Ra6 Rh5 31. Be5 bxa3 32. Rd1 Rhxh2 33. Ra7
Rhg2+ 34. Kh1 Rh2+ 35. Kg1 Rhg2+ 36. Kf1 Rgf2+ 37. Kg1 Rg2+ 38. Kh1 Rh2+ 39.
Kg1 Rhg2+ 40. Kh1 Rh2+ 1/2-1/2

[Event "Elekes mem GM 26th"]
[Site "Budapest"]
[Date "2001.05.21"]
[Round "1"]
[White "Navrotescu , Catalin"]
[Black "Csom, Istvan"]
[Result "1/2-1/2"]
[WhiteElo "2453"]
[BlackElo "2431"]
[PlyCount "107"]
[EventDate "2001.05.21"]
[EventType "tourn"]
[EventRounds "11"]
[EventCountry "HUN"]
[EventCategory "9"]
[Source "ChessBase"]
[SourceDate "2001.07.03"]

1. d4 Nf6 2. c4 e6 3. Nf3 b6 4. g3 Bb7 5. Bg2 Be7 6. Nc3 Ne4 7. Bd2 Nxc3 8.
Bxc3 Be4 9. O-O O-O 10. d5 Bf6 11. Nd4 Bxg2 12. Kxg2 c5 13. dxc6 dxc6 14. e3 c5
15. Nb5 Nc6 16. Qxd8 Rfxd8 17. Bxf6 gxf6 18. Rfd1 Kf8 19. b3 Ke7 20. Kf3 f5 21.
Kf4 h6 22. h3 h5 23. h4 Kf6 24. Kf3 Ke7 25. Ke2 Rac8 26. Rac1 Rb8 27. Nc3 Ne5
28. Rc2 Rxd1 29. Nxd1 Rd8 30. Nb2 Nc6 31. a3 Ne5 32. b4 cxb4 33. axb4 Nc6 34.
b5 Ne5 35. c5 bxc5 36. Rxc5 Kd6 37. Rc1 Rb8 38. f4 Nd7 39. Nc4+ Ke7 40. Rb1 Kf6
41. Ra1 Rxb5 42. Rxa7 Rd5 43. Nd2 Nc5 44. Nf3 Rd7 45. Rxd7 Nxd7 46. Nd2 Nc5 47.
Kf3 Ke7 48. e4 fxe4+ 49. Nxe4 Nxe4 50. Kxe4 Kd6 51. Kf3 f5 52. Ke2 Kc5 53. Ke3
Kc4 54. Ke2 1/2-1/2

[Event "Elekes mem GM 26th"]
[Site "Budapest"]
[Date "2001.05.23"]
[Round "3"]
[White "Navrotescu , Catalin"]
[Black "Fogarasi, Tibor"]
[Result "1/2-1/2"]
[WhiteElo "2453"]
[BlackElo "2446"]
[PlyCount "34"]
[EventDate "2001.05.21"]
[EventType "tourn"]
[EventRounds "11"]
[EventCountry "HUN"]
[EventCategory "9"]
[Source "ChessBase"]
[SourceDate "2001.07.03"]

1. Nf3 Nf6 2. g3 g6 3. Bg2 Bg7 4. O-O d5 5. d3 O-O 6. Nbd2 Nc6 7. e4 e5 8. Re1
Re8 9. c3 a5 10. exd5 Nxd5 11. a4 h6 12. Nc4 Bf5 13. Nh4 Be6 14. Nf3 Bf5 15.
Nh4 Be6 16. Nf3 Bf5 17. Nh4 Be6 1/2-1/2

[Event "Elekes mem GM 26th"]
[Site "Budapest"]
[Date "2001.05.24"]
[Round "4"]
[White "Szieberth, Adam"]
[Black "Navrotescu , Catalin"]
[Result "1/2-1/2"]
[WhiteElo "2389"]
[BlackElo "2453"]
[PlyCount "97"]
[EventDate "2001.05.21"]
[EventType "tourn"]
[EventRounds "11"]
[EventCountry "HUN"]
[EventCategory "9"]
[Source "ChessBase"]
[SourceDate "2001.07.03"]

1. e4 c5 2. Nf3 Nc6 3. d4 cxd4 4. Nxd4 Nf6 5. Nc3 d6 6. Bg5 Bd7 7. Be2 a6 8.
O-O e6 9. Kh1 Be7 10. Qd2 Nxd4 11. Qxd4 Bc6 12. f4 O-O 13. Rad1 Rc8 14. Qe3 Qc7
15. f5 b5 16. fxe6 fxe6 17. Qh3 Bd7 18. e5 dxe5 19. Bd3 h6 20. Bxh6 gxh6 21.
Qg3+ Kh8 22. Qg6 Bc6 23. Qxh6+ Kg8 24. Qg5+ Kh8 25. Qh4+ Kg8 26. Qg3+ Kh8 27.
Qh3+ Kg7 28. Rxf6 Rxf6 29. Qh7+ Kf8 30. Bg6 Rxg6 31. Qxg6 Bg5 32. Qxg5 Qg7 33.
Qxg7+ Kxg7 34. Re1 b4 35. Nd1 Rd8 36. Ne3 Rd2 37. Kg1 a5 38. h4 a4 39. Kh2 Be4
40. Kh3 Bxc2 41. Nc4 Bf5+ 42. g4 Bxg4+ 43. Kxg4 Rd4+ 44. Kg5 Rxc4 45. Rxe5 Rc2
46. Ra5 Rg2+ 47. Kf4 Rxb2 48. Rxa4 Kf6 49. Ra5 1/2-1/2

[Event "Elekes mem GM 26th"]
[Site "Budapest"]
[Date "2001.05.25"]
[Round "5"]
[White "Navrotescu , Catalin"]
[Black "Hoang Thanh Trang"]
[Result "1/2-1/2"]
[WhiteElo "2453"]
[BlackElo "2465"]
[PlyCount "176"]
[EventDate "2001.05.21"]
[EventType "tourn"]
[EventRounds "11"]
[EventCountry "HUN"]
[EventCategory "9"]
[Source "ChessBase"]
[SourceDate "2001.07.03"]

1. e4 e6 2. d3 d5 3. Nd2 Nf6 4. Ngf3 dxe4 5. dxe4 Bc5 6. Bd3 e5 7. Nb3 Bd6 8.
O-O O-O 9. Bg5 Nc6 10. Qe2 a5 11. c3 Qe7 12. Nbd2 h6 13. Bh4 Bc5 14. Nc4 Qe6
15. Bg3 Nh5 16. a4 Nxg3 17. hxg3 b6 18. Ne3 Bxe3 19. Qxe3 Bb7 20. Qe2 Ne7 21.
Bc4 Qf6 22. Rfd1 Rad8 23. Nh2 Nc8 24. Ng4 Qg5 25. Qf3 Nd6 26. Bd5 Bxd5 27. Rxd5
f5 28. exf5 Rxf5 29. Qe2 Rdf8 30. Rf1 e4 31. Rxf5 Qxf5 32. Ne3 Qe6 33. Rd1 Rf7
34. Rd5 Nf5 35. Rxf5 Rxf5 36. Nxf5 Qxf5 37. Qc4+ Qf7 38. Qxe4 Qb3 39. Qe8+ Kh7
40. Qe4+ Kh8 41. Qe8+ Kh7 42. Qb5 Qxb5 43. axb5 Kg6 44. Kf1 Kf5 45. Ke2 Ke4 46.
b3 Kd5 47. Kd3 Kc5 48. c4 Kb4 49. Kc2 a4 50. bxa4 Kxc4 51. g4 Kb4 52. Kd3 Kxa4
53. Kc4 Ka5 54. f3 Ka4 55. f4 Ka5 56. f5 Ka4 57. Kd5 Kxb5 58. Ke6 c5 59. Kf7 c4
60. Kxg7 c3 61. f6 c2 62. f7 c1=Q 63. f8=Q Qg5+ 64. Kh7 Qxg4 65. Qf1+ Kc5 66.
Qc1+ Kb5 67. Qb2+ Kc5 68. Qe5+ Kc4 69. Qc7+ Kb5 70. Qe5+ Ka6 71. g3 h5 72. Qa1+
Kb5 73. Qe5+ Kc6 74. Qf6+ Kb7 75. Qe7+ Ka6 76. Qa3+ Kb5 77. Kh6 h4 78. Qb2+ Kc4
79. Qc2+ Kd5 80. Qd3+ Kc6 81. Qc2+ Kb7 82. Qh7+ Ka6 83. Qd3+ Kb7 84. Qh7+ Kc6
85. Qc2+ Kd5 86. Qd3+ Ke5 87. Qe3+ Kd5 88. Qd3+ Ke5 1/2-1/2

[Event "Elekes mem GM 26th"]
[Site "Budapest"]
[Date "2001.05.27"]
[Round "7"]
[White "Navrotescu , Catalin"]
[Black "Horvath, Jozsef M"]
[Result "1/2-1/2"]
[WhiteElo "2453"]
[BlackElo "2551"]
[PlyCount "21"]
[EventDate "2001.05.21"]
[EventType "tourn"]
[EventRounds "11"]
[EventCountry "HUN"]
[EventCategory "9"]
[Source "ChessBase"]
[SourceDate "2001.07.03"]

1. d4 Nf6 2. c4 e6 3. Nf3 d5 4. Nc3 dxc4 5. e3 c5 6. Bxc4 a6 7. a4 Nc6 8. O-O
Be7 9. dxc5 Qxd1 10. Rxd1 Bxc5 11. Ng5 1/2-1/2

[Event "Elekes mem GM 26th"]
[Site "Budapest"]
[Date "2001.05.29"]
[Round "9"]
[White "Navrotescu , Catalin"]
[Black "Rajlich, Vasik G"]
[Result "1-0"]
[WhiteElo "2453"]
[BlackElo "2337"]
[PlyCount "99"]
[EventDate "2001.05.21"]
[EventType "tourn"]
[EventRounds "11"]
[EventCountry "HUN"]
[EventCategory "9"]
[Source "ChessBase"]
[SourceDate "2001.07.03"]

1. d4 Nf6 2. c4 g6 3. g3 Bg7 4. Bg2 O-O 5. Nc3 d6 6. Nf3 Nbd7 7. O-O e5 8. e4
c6 9. b3 exd4 10. Nxd4 Nc5 11. h3 Re8 12. Re1 Nfd7 13. Be3 h5 14. Qc2 h4 15. g4
Nf8 16. Rad1 Qe7 17. f4 Nce6 18. Nde2 g5 19. f5 Bxc3 20. Nxc3 Nf4 21. Bxf4 gxf4
22. Qd2 Qe5 23. Ne2 f3 24. Bxf3 Nh7 25. Bg2 Rd8 26. Nd4 f6 27. Nf3 Qg3 28. Qh6
Bd7 29. Qxh4 Qf4 30. Qf2 Kf8 31. Qd2 Qxd2 32. Rxd2 Ke7 33. Red1 Be8 34. h4 Rd7
35. Kf2 c5 36. Ng1 a5 37. a4 Bf7 38. Nh3 Rg8 39. Bf3 Rdd8 40. Ke3 Nf8 41. Kf4
Rh8 42. Kg3 Rg8 43. g5 Be8 44. e5 fxe5 45. f6+ Kf7 46. Rxd6 Rxd6 47. Rxd6 Bc6
48. Bxc6 bxc6 49. Nf2 Ne6 50. Ng4 1-0

[Event "Elekes mem GM 26th"]
[Site "Budapest"]
[Date "2001.05.30"]
[Round "10"]
[White "Doettling, Fabian"]
[Black "Navrotescu , Catalin"]
[Result "1-0"]
[WhiteElo "2509"]
[BlackElo "2453"]
[PlyCount "79"]
[EventDate "2001.05.21"]
[EventType "tourn"]
[EventRounds "11"]
[EventCountry "HUN"]
[EventCategory "9"]
[Source "ChessBase"]
[SourceDate "2001.07.03"]

1. d4 Nf6 2. Nf3 c5 3. d5 b5 4. Bg5 Qb6 5. Bxf6 Qxf6 6. c3 Qf5 7. a4 Bb7 8.
axb5 Qxd5 9. Nbd2 g6 10. Ra4 Bg7 11. e4 Qe6 12. Bc4 Qb6 13. O-O O-O 14. Qb3 e6
15. Rfa1 Rd8 16. Qa2 d5 17. exd5 exd5 18. Rxa7 Nd7 19. Rxa8 Rxa8 20. Qxa8+ Bxa8
21. Rxa8+ Bf8 22. Bxd5 Qxb5 23. Ra7 Bh6 24. c4 Qxb2 25. Rxd7 Qc1+ 26. Nf1 Bg7
27. Rxf7 Kh8 28. h4 h6 29. g3 Bd4 30. Kg2 g5 31. hxg5 hxg5 32. N1h2 Bg7 33. Rf5
Qc2 34. Rxg5 Bd4 35. Ng4 Kh7 36. Nh4 Qd2 37. Nf3 Qc2 38. Nh4 Qd2 39. Rf5 Bg7
40. Rf3 1-0